Sociology. (Record no. 170394)

MARC details
000 -LEADER
fixed length control field 00725nam a2200241 a 4500
008 - FIXED-LENGTH DATA ELEMENTS--GENERAL INFORMATION
fixed length control field
040 ## - CATALOGING SOURCE
Original cataloging agency NUST
Transcribing agency NUST
049 ## - LOCAL HOLDINGS (OCLC)
Holding library MAIN
090 ## - LOCALLY ASSIGNED LC-TYPE CALL NUMBER (OCLC); LOCAL CALL NUMBER (RLIN)
Classification number (OCLC) (R) ; Classification number, CALL (RLIN) (NR) HM51
Local cutter number (OCLC) ; Book number/undivided call number, CALL (RLIN) SOC
003 - CONTROL NUMBER IDENTIFIER
control field
005 - DATE AND TIME OF LATEST TRANSACTION
control field 20230123141246.0
245 10 - TITLE STATEMENT
Title Sociology.
260 ## - PUBLICATION, DISTRIBUTION, ETC.
Place of publication, distribution, etc. [Place of Publication not known] :
Name of publisher, distributor, etc. [Publisher not Identified],
Date of publication, distribution, etc. 19??.
300 ## - PHYSICAL DESCRIPTION
Extent xvi, 616 pages :
Other physical details illustrations (some colour) ;
Dimensions 23 cm.
336 ## - CONTENT TYPE
Content type term text
Content type code txt
Source rdacontent
337 ## - MEDIA TYPE
Media type term unmediated
Media type code n
Source rdamedia
338 ## - CARRIER TYPE
Carrier type term volume
Carrier type code nc
Source rdacarrier
500 ## - GENERAL NOTE
General note Includes index.
504 ## - BIBLIOGRAPHY, ETC. NOTE
Bibliography, etc. note Includes bibliographical references.
650 #1 - SUBJECT ADDED ENTRY--TOPICAL TERM
Topical term or geographic name entry element Sociology.
907 ## - LOCAL DATA ELEMENT G, LDG (RLIN)
a .b10419470
b 06-09-22
c 06-09-22
942 ## - ADDED ENTRY ELEMENTS (KOHA)
Koha item type Ordinary Loan Books
Call number prefix HM51
Call number suffix SOC
Holdings
Date last seen Total Checkouts Full call number Barcode Cost, replacement price Price effective from Koha item type Lost status Source of classification or shelving scheme Damaged status Not for loan Collection Withdrawn status Home library Current library Shelving location Date acquired Cost, normal purchase price
01/23/2023   HM51 SOC 92004011661 80.00 01/23/2023 BOOKS   lcc   1 NFIC   MAIN MAIN GEN 01/23/2023 80.00